Word Ladder: Charlie Puth Song Quiz Stats

 Plays Quiz Updated Apr 22, 2016

Challenge
Share
Tweet
Embed
Score 0/9 Timer 01:00
1 Play Today
Hint 4-Letter Word % Correct
Secure an envelopeSEAL
93.2%
Hit a flySWAT
92.1%
Connery, Penn, or Bean, e.g.SEAN
92%
Rock from side to sideSWAY
90.2%
Trade for moneySELL
87.1%
Basic biological unitCELL
86.8%
Grown-up cygnetSWAN
85.6%
🎶 Text alternative; Charlie Puth song: One ____ [Last Rung] 🎶🎶 CALL 🎶
81.2%
🎶 Game at an opponent's home; Charlie Puth song: One [First Rung] ____ 🎶🎶 AWAY 🎶
80.3%

Today's Daily Dose

Missing Word
Britpop Albums

Word Ladder
Sing It!

On This Day
December 14th II

You're not logged in!

Compare scores with friends on all Sporcle quizzes.
OR
Log In

You Might Also Like...

Show Comments

Extras

Top Quizzes Today


Score Distribution

Your Account Isn't Verified!

In order to create a playlist on Sporcle, you need to verify the email address you used during registration. Go to your Sporcle Settings to finish the process.

Report this User

Report this user for behavior that violates our Community Guidelines.

Details: